Czescy sportowcy - quiz obrazkowy. - Statystyki

Ogólne statystyki
  • Ten quiz został rozwiązany 34 razy
  • Średni wynik to 8 z 20
Statystyki odpowiedzi
Obrazkowy Odpowiedź % Poprawnych
Petr Čech
97%
Jakub Janda
84%
Pavel Nedvěd
72%
Antonin Panenka
66%
Tomaš Rosicky
66%
Martina Navratilova
53%
Jaromir Jagr
44%
Petra Kvitova
44%
Barbora Krejčikova
38%
Jan Železny
38%
Dominik Hašek
31%
Emil Zatopek
25%
Ivan Lendl
25%
Karel Poborsky
22%
Barbora Špotakova
16%
Josef Masopust
16%
Jarmila Kratochvilova
13%
Martina Sablikova
13%
Kateřina Neumannova
9%
Šarka Zahrobska - Strachova
6%
Nie znaleziono quizów pasujących do podanych kryteriów
Rozkład punktacji
Procent ludzi z każdym wynikiem
Percentyl według liczby udzielonych odpowiedzi
Twoja historia wyników
Nie rozwiązałeś tego quizu